000
00300nam a2200121Ia 4500
008
240624s9999 xx 000 0 und d
041
_a
eng
082
_a
657 KHA
100
_a
KHATRI DHANESH K
245
_a
ACCOUNTING FOR MANAGEMENT
260
_c
2015
_a
New Delhi
_b
Tata McGraw-Hill
365
_c
RS
_b
33
999
_c
26042
_d
26042